ბათუმის შოთა რუსთაველის სახელმწიფო უნივერსიტეტის ბიბლიოთეკა

განზომილებათა ანალიზისა და მსგავსების თეორიის ელემენტები : დამხმ. სახელმძღ / (ბიბ.ჩანაწერი № 38418)

000 -ლიდერი
ფიქსირებული სიგრძის საკონტროლო ველი 01140nam a2200241Ia 4500
001 - საკონტროლო ნომერი
საკონტროლო ველი 4429
003 - საკონტროლო ნომრის იდენტიფიკატორი
საკონტროლო ველი GE_BSU
005 - ბოლო ოპერაციის თარიღი და დრო
საკონტროლო ველი 20190516152332.0
008 - ფიქსირებული სიგრძის მონაცემთა ელემენტები - ზოგადი ინფორმაცია
ფიქსირებული სიგრძის საკონტროლო ველი 181216s1986||||ge |||||||||||||| ||geo||
040 ## - კატალოგიზაციის წყარო
Transcribing agency GE_BSU
041 ## - ენის კოდი
Language code of text/sound track or separate title geo
080 ## - უნივერსალური ათობითი კლასიფიკაციის ინდექსი
Universal Decimal Classification number 530.1(076) გ-69
100 ## - მთავარი ჩანაწერი - პიროვნების სახელი
Personal name გორჯოლაძე,ი.
9 (RLIN) 1229
245 ## - ცნობა სათაურის შესახებ
Title განზომილებათა ანალიზისა და მსგავსების თეორიის ელემენტები : დამხმ. სახელმძღ /
Statement of responsibility, etc ი.გორჯოლაძე ; დ.გორგიძე ; ი .თავდუმაძე ; რედ. ე. გიორგაძე
264 ## - წარმოების, გამოცემის, დისტრიბუციის და სხვა ცნობები
გამოცემის, წარმოების, დისტრიბუციის... ადგილი თბილისი,
გამოცემის, წარმოების, დისტრიბუციის... თარიღი 1986.
300 ## - ფიზიკური აღწერა
Extent 89 გვ .;
Dimensions 20 სმ.
653 ## - INDEX TERM--UNCONTROLLED
Uncontrolled term განზომილებათა ანალიზისა და მსგავსების თეორია
653 ## - INDEX TERM--UNCONTROLLED
Uncontrolled term ფიზიკა
700 ## - ADDED ENTRY--PERSONAL NAME
Personal name გორგიძე, დ
9 (RLIN) 1230
700 ## - ADDED ENTRY--PERSONAL NAME
Personal name თავდუმაძე,ი
9 (RLIN) 1231
700 ## - ADDED ENTRY--PERSONAL NAME
Personal name გიორგაძე, ი
Relator term რედაქტორი
9 (RLIN) 1232
942 ## - ADDED ENTRY ELEMENTS (KOHA)
Koha item type წიგნი
Source of classification or shelving scheme
ეგზემპლარები
ჩამოწერის სტატუსი დაკარგული ეგზემპლარის სტატუსი კლასიფიკაციის წყარო ან თაროზე გაწყობის სქემა დაზიანების სტატუსი არ გაიცემა მუდმივი მდებარეობა (დაცვის ადგილი) ამჟამინდელი ადგილსამყოფელი თაროზე განთავსების ადგილი შეძენის თარიღი ღირებულება, შესყიდვის ნორმალური ფასი სრული შენახვის შიფრი შტრიხკოდი ბოლო ოპერაციის თარიღი ეგზემპლარის მიმდევრობითი ნომერი (კეტერი?) ფასის ძალაში შესვლის თარიღი ეგზემპლარის სახეობა საჯარო შენიშვნა
          ტექნოლოგიური ფაკულტეტის ბიბლიოთეკა ტექნოლოგიური ფაკულტეტის ბიბლიოთეკა წიგნსაცავი 2018-12-17 0.00 530.1(076) გ-69 8621 2018-12-17 8621 2018-12-17 წიგნი 36 თ.
          ტექნოლოგიური ფაკულტეტის ბიბლიოთეკა ტექნოლოგიური ფაკულტეტის ბიბლიოთეკა წიგნსაცავი 2018-12-17 0.00 530.1(076) გ-69 8622 2018-12-17 8622 2018-12-17 წიგნი 36 თ.
          ტექნოლოგიური ფაკულტეტის ბიბლიოთეკა ტექნოლოგიური ფაკულტეტის ბიბლიოთეკა წიგნსაცავი 2018-12-17 0.00 530.1(076) გ-69 8623 2018-12-17 8623 2018-12-17 წიგნი 36 თ.